Statistics for Groups of Movies #1

Click here to take the quiz!

General Stats

  • This quiz has been taken 150 times
    (35 since last reset)
  • The average score is 51 of 76

Answer Stats

GroupAnswer% Correct
RockyRocky
94%
RockyRocky II
94%
RockyRocky III
94%
RockyRocky IV
94%
RockyRocky V
94%
The AvengersThe Avengers
94%
Star WarsEmpire Strikes Back
91%
Spider-ManSpider-Man
91%
Spider-ManSpider-Man 2
91%
Spider-ManSpider-Man 3
91%
The AvengersEndgame
88%
GhostbustersGhostbusters
88%
GhostbustersGhostbusters
88%
GhostbustersGhostbusters II
88%
JumanjiJumanji
88%
SupermanSuperman
88%
Indiana JonesThe Temple of Doom
84%
ThorThor
84%
The AvengersAge of Ultron
81%
Bad BoysBad Boys
81%
Bad BoysBad Boys II
81%
Spider-ManFar From Home
81%
High School MusicalHigh School Musical
81%
High School MusicalHigh School Musical 2
81%
The AvengersInfinity War
81%
Men in BlackMen in Black
81%
Men in BlackMen in Black 3
81%
Men in BlackMen in Black II
81%
Star WarsReturn of the Jedi
81%
SupermanSuperman II
81%
SupermanSuperman III
81%
Spider-ManThe Amazing Spider-Man
81%
Indiana JonesThe Raiders of the Lost Ark
81%
RockyCreed
78%
ThorRagnarok
78%
Spider-ManNo Way Home
75%
Spider-ManThe Amazing Spider-Man 2
75%
Star WarsThe Force Awakens
75%
SupermanBatman v Superman: Dawn of Justice
72%
Spider-ManHomecoming
72%
Star WarsRevenge of the Sith
72%
Indiana JonesThe Last Crusade
72%
Star WarsThe Phantom Menace
72%
Spider-ManInto the Spider-Verse
69%
ThorLove and Thunder
69%
ThorThe Dark World
69%
Indiana JonesThe Kingdom of the Crystal Skull
69%
Star WarsA New Hope
66%
Star WarsAttack of the Clones
66%
RockyCreed II
66%
RockyCreed III
66%
Star WarsThe Rise of Skywalker
66%
SupermanMan of Steel
63%
Star WarsSolo
63%
Indiana JonesThe Dial of Destiny
63%
The Chronicles of NarniaThe Lion, The Witch and the Wardrobe
63%
Star WarsThe Last Jedi
59%
Star WarsRogue One
56%
RockyRocky Balboa
50%
Spider-ManAcross the Spider-Verse
47%
The Chronicles of NarniaPrince Caspian
47%
Men in BlackInternational
44%
SupermanSuperman Returns
44%
The Shaggy DogThe Shaggy Dog
41%
The Shaggy DogThe Shaggy Dog
41%
JumanjiWelcome to the Jungle
41%
Bad BoysBad Boys For Life
38%
SupermanSupergirl
31%
SupermanQuest for Peace
25%
High School MusicalSenior Year
25%
GhostbustersAfterlife
22%
JumanjiA Space Adventure
22%
GhostbustersFrozen Empire
22%
The Chronicles of NarniaThe Voyage of the Dawn Treader
22%
JumanjiThe Next Level
19%
The Shaggy DogThe Shaggy D.A.
9%

Score Distribution

Percentile by Number Answered

Percent of People with Each Score

Your Score History

You have not taken this quiz since the last reset